000
00380nam a22001577a 4500
003
MPLRDC
005
20220104145953.0
008
210129b ||||| |||| 00| 0 eng d
082
_a
220.7 CHO
100
_a
THUBTEN CHODRON
245
_a
开阔心, 清净心
_c
涂炳忠译
260
_a
_b
光明山
_c
1999
300
_b
平
650
_a
佛教杂论
942
_c
BK
_o
220.7 CHO
999
_c
51621
_d
51611